000 00828nam a2200241Ia 4500
003 OSt
005 20221005113009.0
006 a|||||r|||| 00| 0
007 ta
008 221004b |||||||| |||| 00| 0 pan d
020 _a8171165613 (hbk)
_c225
024 _a6237
037 _b704, 14/06/2013, H.K. Prakashan
_cTextual
040 _aCRL
_cCRL
_bpan
041 _2pan
_apan
082 _aJ97:3, 153Q2
100 _aਬਰਾੜ, ਕਰਨਲ ਅਵਤਾਰ ਸਿੰਘ
245 0 _aਬੌਨਸਾਈ
_b ਇਕ ਕਲਾ
260 _aਦਿੱਲੀ
_bਨੈFਨਲ ਬੁੱਕ Fਾਪ ਭਾਰਤ
_c2012
300 _a93ਪੰ
_ccm.
942 _hJ97:3, 153Q2
_cTEXL
_2cc
999 _c1026691
_d1026691